[Event "ESP chT Honor Division 2019"]
[Site "Melilla"]
[Date "2019.10.05"]
[Round "6.12"]
[White "Di Benedetto, Desiree"]
[Black "Argandona Riveiro, Inigo"]
[Result "1/2-1/2"]
[WhiteElo "2235"]
[BlackElo "2413"]
[Annotator "TA"]
[PlyCount "126"]
[EventDate "2019.09.30"]
[EventType "team-tourn"]
[EventCountry "ESP"]
[SourceTitle "playchess.com"]
[Source "ChessBase"]
[SourceQuality "1"]

{[%evp 14,126,0,1,0,0,64,0,24,0,0,0,0,-19,22,20,145,146,165,173,152,152,181,114,183,183,160,175,177,180,198,154,165,120,121,95,93,105,110,57,102,104,121,121,121,121,121,121,165,35,35,23,55,0,0,0,8,-150,-150,-150,-139,-143,-144,-136,-136,-137,-137,-137,-13,-17,-16,-39,-29,-154,-158,-166,-170,-668,-603,-12795,-12805,-489,0,0,0,0,0,0,0,0,0,-34,-40,-8,0,-96,0,0,0,0,0,0,0,0,0,0,0,0,0,0,0,0,0,0,0]} 1. d4 Nf6 2. c4 e6 3. Nc3 Bb4 4. Qc2 O-O 5. Nf3 d5 6. a3 Be7 7. e4 dxe4 8. Nxe4 Nxe4 {E11: Bogo-Indian} 9. Qxe4 Nc6 (9... f5 $11 10. Qe3 b6) (9... f5 10. Qd3 c5 11. dxc5 Bf6 12. Qxd8 Rxd8 13. Rb1 e5 14. Bg5 Bxg5 15. Nxg5 Nc6 16. Rd1 Rxd1+ 17. Kxd1 {½-½ (46) Kozul,Z (2607)-Saric,I (2662) Germany 2017}) 10. Bf4 g5 $146 {Strongly threatening ...f5.} ({Predecessor:} 10... f5 11. Qe3 g5 12. Bxg5 Bxg5 13. Qxg5+ Qxg5 14. Nxg5 Nxd4 15. Rd1 c5 16. Nf3 Nxf3+ 17. gxf3 b6 18. f4 Kf7 19. Rg1 Kf6 20. Rg3 Ba6 21. Rh3 Rf7 22. Rd6 Rg8 23. Re3 {½-½ (23) Somlo,B-Gombkoetoe,O corr 1992}) 11. Be3 f5 12. Qc2 $40 {[%mdl 128] Black needs to defend precisely.} g4 13. d5 gxf3 14. dxc6 Qe8 (14... Bf6 $11) 15. gxf3 $16 Bf6 16. O-O-O Kh8 17. Rg1 Qxc6 18. Bh6 (18. f4 $18) 18... Bd7 (18... Rg8 $16 19. Rxg8+ Kxg8) 19. Bxf8 $18 Rxf8 20. f4 Be8 21. Rg3 Bh5 22. Re1 Qd6 23. Kb1 c5 24. Rge3 Bf7 25. Rf3 Bd4 26. Bd3 (26. Qd2 $16) 26... Rc8 27. Qd2 Rc6 28. Bc2 Rc8 29. Rg1 a6 30. Rh3 b5 31. Qd3 ({Better is} 31. cxb5 $18 axb5 32. Bd1) 31... Qxf4 $14 32. cxb5 axb5 33. Ka1 (33. Qg3 $14 Qxg3 34. hxg3) 33... b4 34. axb4 $1 cxb4 (34... Rb8 {seems wilder.} 35. Qa3 cxb4 36. Qf3 Qd2 37. Kb1 b3) 35. Rxh7+ $2 (35. Kb1 $11) 35... Kxh7 $17 36. Qh3+ Qh6 37. Bxf5+ exf5 38. Qxf5+ {[#]} Qg6 $1 {[%cal Rg6f5]} 39. Qh3+ (39. Rxg6 Rc1+) 39... Qh5 $1 {[%cal Rh5h3]} 40. Qxc8 b3 ({Black should try} 40... Bg7 $17 41. Qc2+ Bg6 42. Rxg6 (42. Qc7 {is a self mate.} Qe2 {[%mdl 64] Double Attack} 43. Qxg7+ Kxg7 44. Rxg6+ Kxg6 45. Ka2 Qc4+ 46. b3 Qc2+ {[%mdl 64] Double Attack} 47. Ka1 Qxb3 48. h4 Qc2 49. f4 b3 50. f5+ Kxf5 51. h5 Qc1#) 42... Qxg6) 41. Qd8 $1 $11 Qe5 42. Qh4+ Bh5 {[%mdl 1024] Black has compensation.} 43. Qg5 (43. Qd8 $1 $11 {was the only way to keep the balance.}) 43... Qe8 $17 ({Not} 43... Bxb2+ 44. Kb1 $11) 44. Qf5+ Kh8 45. Qa5 $2 {[#]} (45. Kb1) 45... Bf7 $1 $19 46. Re1 Qc8 47. Qa4 Bxb2+ $2 ({Black should play} 47... Qc5 $19 48. Qa8+ Bg8) 48. Kxb2 {[%mdl 4096] Endgame Threatening mate with Qh4+. KQR-KQB} Qc2+ $1 {[%mdl 64] Double Attack} 49. Ka3 {Hoping for Qd4+.} Qa2+ 50. Kb4 {Qxa2 is the strong threat.} Qd2+ {[%mdl 64] Double Attack} 51. Ka3 {Threatens to win with Qh4+.} Qxe1 52. Qd4+ Kg8 53. Qd8+ $1 Kg7 54. Qg5+ {[#]} (54. Qd4+ $1 $11 {keeps the balance.} Kg8 55. Qd8+ Kg7 56. Qd4+ Kf8 57. Qh8+ Ke7 58. Qh4+ Ke6 59. Qc4+ Kf6 60. Qh4+ Kg6 61. Qg3+ Kh7 62. Qh4+ Kg7 63. Qd4+) 54... Kf8 (54... Bg6 $1 $17 {aiming for ...Qe6.} 55. Kxb3 Qd1+ 56. Kb4 Qd4+ 57. Ka5 Kh7 58. Qe7+ Kg8) 55. Qh6+ $1 $11 {The position is equal.} Ke7 56. Qh4+ $1 Ke8 57. Qh8+ Kd7 58. Qd4+ Kc6 59. Qa4+ Kd6 60. Qf4+ Ke7 {And now ...Qa5+ would win.} 61. Qh4+ $1 Kf8 62. Qh8+ Ke7 {( -> ...Qa5+)} 63. Qh4+ Kf8 {Accuracy: White = 46%, Black = 45%.} 1/2-1/2

[Event "ESP chT Honor Division 2019"]
[Site "Melilla"]
[Date "2019.10.05"]
[Round "6.13"]
[White "Rakhmanov, Aleksandr"]
[Black "Cheparinov, Ivan"]
[Result "1/2-1/2"]
[WhiteElo "2621"]
[BlackElo "2670"]
[Annotator "RC"]
[PlyCount "65"]
[EventDate "2019.09.30"]
[EventType "team-tourn"]
[EventCountry "ESP"]
[SourceTitle "playchess.com"]
[Source "ChessBase"]
[SourceQuality "1"]
[TimeControl "40/5400+30:1800+30"]

1. d4 {[%emt 0:00:00]} Nf6 {[%emt 0:00:00]} 2. Nf3 {[%emt 0:00:00]} g6 {[%emt 0:00:00]} 3. g3 {[%emt 0:00:00]} Bg7 {[%emt 0:00:00]} 4. Bg2 {[%emt 0:00:00]} O-O {[%emt 0:00:00]} 5. O-O {[%emt 0:00:06]} d5 {[%emt 0:00:00]} 6. c4 {[%emt 0:00:19]} c6 {[%emt 0:00:00]} 7. Qa4 {[%emt 0:00:51]} Nbd7 {[%emt 0:01:32]} 8. cxd5 {[%emt 0:02:43]} Nb6 {[%emt 0:00:08]} 9. Qb3 {[%emt 0:00:19]} Qxd5 {[%emt 0:00:08]} 10. Qxd5 {[%emt 0:00:59]} Nbxd5 {[%emt 0:02:36]} 11. Nbd2 {[%emt 0:00:33]} a5 {[%emt 0:06:08]} 12. Nc4 {[%emt 0:02:04]} a4 {[%emt 0:00:31]} 13. Rd1 {[%emt 0:01:29]} Bf5 {[%emt 0:10:52]} 14. Bd2 {[%emt 0:01:18]} Ne4 {[%emt 0:00:52]} 15. Be1 {[%emt 0:01:07]} Nd6 {[%emt 0:01:22]} 16. Nfe5 {[%emt 0:04:10]} Be6 {[%emt 0:14:31]} 17. Rac1 {[%emt 0:03:39]} Nc7 {[%emt 0:06:12]} 18. a3 {[%emt 0:03:57]} f6 {[%emt 0:02:40]} 19. Nxd6 {[%emt 0:01:53]} exd6 {[%emt 0:00:02]} 20. Nc4 {[%emt 0:01:48]} d5 {[%emt 0:00:07]} 21. Ne3 {[%emt 0:06:06]} Rfe8 {[%emt 0:00:53]} 22. Bb4 {[%emt 0:00:57]} Bh6 {[%emt 0:01:56]} 23. Bd2 {[%emt 0:00:28]} Bf8 {[%emt 0:00:43]} 24. Nc2 Bg4 {[%emt 0:02:39]} 25. f3 {[%emt 0:01:14]} Bf5 {[%emt 0:00:03]} 26. Bf1 Nb5 {[%emt 0:03:51]} 27. e3 {[%emt 0:03:25]} Nd6 28. Kf2 h5 {[%emt 0:09:51]} 29. Bb4 {[%emt 0:04:00]} Nf7 {[%emt 0:05:48]} 30. Bd2 {[%emt 0:03:12]} Nd6 {[%emt 0:01:31]} 31. Bb4 {[%emt 0:00:07]} Nf7 {[%emt 0:00:44]} 32. h3 {[%emt 0:07:22]} g5 {[%emt 0:05:18]} 33. g4 {[%emt 0:00:58]} 1/2-1/2

[Event "ESP chT Honor Division 2019"]
[Site "Melilla"]
[Date "2019.10.05"]
[Round "6.14"]
[White "Predke, Alexandr"]
[Black "Peralta, Fernando"]
[Result "1-0"]
[WhiteElo "2657"]
[BlackElo "2569"]
[Annotator "ChessBase"]
[PlyCount "41"]
[EventDate "2019.09.30"]
[EventType "team-tourn"]
[EventCountry "ESP"]
[SourceTitle "playchess.com"]
[Source "ChessBase"]
[SourceQuality "1"]
[TimeControl "40/5400+30:1800+30"]

1. d4 Nf6 {[%emt 0:00:00]} 2. c4 e6 {[%emt 0:00:00]} 3. g3 {[%emt 0:01:02]} d5 {[%emt 0:00:42]} 4. Bg2 {[%emt 0:00:08]} Bb4+ {[%emt 0:00:13]} 5. Nd2 {[%emt 0:00:07]} O-O {[%emt 0:00:16]} 6. Ngf3 {[%emt 0:00:07]} b6 {[%emt 0:00:20]} 7. O-O {[%emt 0:00:20]} Bb7 {[%emt 0:00:07]} 8. b3 {[%emt 0:00:20]} Nbd7 {[%emt 0:01:00]} 9. Bb2 {[%emt 0:00:10]} Rc8 {[%emt 0:01:12]} 10. e3 {[%emt 0:02:42]} Bd6 {[%emt 0:17:55]} 11. Ne5 {[%emt 0:08:15]} Qe7 {[%emt 0:11:44]} 12. cxd5 {[%emt 0:01:58]} exd5 {[%emt 0:01:11]} 13. Ndc4 {[%emt 0:06:08]} Ba6 {[%emt 0:07:33]} 14. Nxd6 {[%emt 0:00:35]} cxd6 {[%emt 0:00:13]} 15. Nd3 {[%emt 0:00:48]} Qe6 {[%emt 0:09:17]} 16. Nf4 {[%emt 0:05:54]} Qf5 {[%emt 0:00:59]} 17. Qb1 {[%emt 0:00:05]} Qxb1 {[%emt 0:28:08]} 18. Rfxb1 {[%emt 0:00:06]} Rc2 {[%emt 0:00:35]} 19. Ba3 {[%emt 0:06:31]} Rfc8 {[%emt 0:01:27]} 20. Bh3 {[%emt 0:03:53]} g5 {[%emt 0:12:31]} 21. Bxd7 {[%emt 0:00:38]} 1-0

[Event "ESP chT Honor Division 2019"]
[Site "Melilla"]
[Date "2019.10.05"]
[Round "6.15"]
[White "Korneev, Oleg"]
[Black "Santos Latasa, Jaime"]
[Result "1/2-1/2"]
[WhiteElo "2504"]
[BlackElo "2580"]
[Annotator "ChessBase"]
[PlyCount "90"]
[EventDate "2019.09.30"]
[EventType "team-tourn"]
[EventCountry "ESP"]
[SourceTitle "playchess.com"]
[Source "ChessBase"]
[SourceQuality "1"]
[TimeControl "40/5400+30:1800+30"]

1. e4 {[%emt 0:00:00]} e5 {[%emt 0:00:00]} 2. Nf3 {[%emt 0:00:00]} Nc6 {[%emt 0:00:05]} 3. Bc4 {[%emt 0:00:03]} Bc5 {[%emt 0:00:06]} 4. O-O {[%emt 0:00:04]} Nf6 {[%emt 0:00:05]} 5. d3 {[%emt 0:00:02]} d6 {[%emt 0:00:09]} 6. c3 {[%emt 0:00:04]} h6 {[%emt 0:00:16]} 7. Nbd2 {[%emt 0:00:53]} O-O {[%emt 0:00:14]} 8. h3 {[%emt 0:00:59]} a5 {[%emt 0:00:59]} 9. Re1 {[%emt 0:05:19]} Be6 {[%emt 0:01:00]} 10. Bb5 {[%emt 0:04:05]} Qb8 {[%emt 0:00:57]} 11. Nf1 {[%emt 0:00:07]} Qa7 {[%emt 0:00:21]} 12. Be3 {[%emt 0:02:58]} Bxe3 {[%emt 0:01:39]} 13. Nxe3 {[%emt 0:01:57]} Qb6 {[%emt 0:01:36]} 14. a4 {[%emt 0:15:24]} Ne7 {[%emt 0:01:57]} 15. Bc4 {[%emt 0:05:54]} Bxc4 {[%emt 0:01:54]} 16. Nxc4 {[%emt 0:00:26]} Qa6 {[%emt 0:00:06]} 17. b3 {[%emt 0:18:58]} Ng6 {[%emt 0:03:37]} 18. Qc2 {[%emt 0:03:11]} Rfe8 {[%emt 0:02:57]} 19. d4 {[%emt 0:09:39]} exd4 {[%emt 0:07:55]} 20. Nxd4 {[%emt 0:00:30]} Ne5 {[%emt 0:05:41]} 21. Nxe5 {[%emt 0:01:51]} dxe5 {[%emt 0:02:04]} 22. Nf5 {[%emt 0:02:02]} Rad8 {[%emt 0:03:59]} 23. Rad1 {[%emt 0:00:12]} Qe6 {[%emt 0:00:42]} 24. c4 {[%emt 0:07:49]} c5 {[%emt 0:04:26]} 25. Rxd8 {[%emt 0:06:38]} Rxd8 {[%emt 0:00:12]} 26. Rd1 {[%emt 0:00:02]} Rxd1+ {[%emt 0:04:28]} 27. Qxd1 {[%emt 0:00:02]} Kh7 {[%emt 0:00:27]} 28. f3 {[%emt 0:01:54]} g6 {[%emt 0:00:42]} 29. Ne3 {[%emt 0:00:22]} Qe7 {[%emt 0:02:42]} 30. Nd5 {[%emt 0:01:57]} Qd6 {[%emt 0:00:18]} 31. Qd2 {[%emt 0:05:40]} b6 {[%emt 0:00:47]} 32. g4 {[%emt 0:01:58]} g5 {[%emt 0:09:55]} 33. Qh2 {[%emt 0:01:43]} Kg7 {[%emt 0:03:46]} 34. h4 {[%emt 0:00:18]} Nxd5 {[%emt 0:00:31]} 35. cxd5 {[%emt 0:03:28]} Qf6 {[%emt 0:00:18]} 36. hxg5 {[%emt 0:00:48]} Qxg5 {[%emt 0:00:29]} 37. Qe2 {[%emt 0:00:35]} h5 {[%emt 0:01:19]} 38. Kf2 {[%emt 0:00:33]} hxg4 {[%emt 0:00:49]} 39. fxg4 {[%emt 0:00:04]} Kf8 {[%emt 0:00:24]} 40. Qf3 {[%emt 0:00:52]} Qd2+ {[%emt 0:00:33]} 41. Kg3 {[%emt 0:30:19]} Ke7 {[%emt 0:30:08]} 42. Qf5 {[%emt 0:00:00]} Qe1+ {[%emt 0:00:00]} 43. Kg2 {[%emt 0:00:00]} Qe2+ {[%emt 0:00:00]} 44. Kg3 {[%emt 0:00:00]} Qe1+ {[%emt 0:00:00]} 45. Kg2 {[%emt 0:00:00]} Qe2+ {[%emt 0:00:00]} 1/2-1/2

[Event "ESP chT Honor Division 2019"]
[Site "Melilla"]
[Date "2019.10.05"]
[Round "6.16"]
[White "Perez Candelario, Manuel"]
[Black "Asis Gargatagli, Hipolito"]
[Result "1-0"]
[WhiteElo "2621"]
[BlackElo "2511"]
[Annotator "ChessBase"]
[PlyCount "55"]
[EventDate "2019.09.30"]
[EventType "team-tourn"]
[EventCountry "ESP"]
[SourceTitle "playchess.com"]
[Source "ChessBase"]
[SourceQuality "1"]
[TimeControl "40/5400+30:1800+30"]

1. e4 {[%emt 0:00:00]} c5 {[%emt 0:00:00]} 2. Nf3 {[%emt 0:00:00]} d6 {[%emt 0:00:00]} 3. d4 {[%emt 0:00:00]} cxd4 {[%emt 0:00:00]} 4. Nxd4 {[%emt 0:00:00]} Nf6 {[%emt 0:00:00]} 5. Nc3 {[%emt 0:00:00]} a6 {[%emt 0:00:00]} 6. h4 {[%emt 0:00:00]} h6 {[%emt 0:08:44]} 7. Bc4 {[%emt 0:00:34]} e6 {[%emt 0:03:29]} 8. Be3 {[%emt 0:00:28]} b5 {[%emt 0:01:39]} 9. Bb3 {[%emt 0:00:04]} Bb7 {[%emt 0:00:17]} 10. Qe2 {[%emt 0:09:29]} Nbd7 {[%emt 0:02:42]} 11. Nxe6 {[%emt 0:14:40]} fxe6 {[%emt 0:03:57]} 12. Bxe6 {[%emt 0:00:04]} Qa5 {[%emt 0:22:42]} 13. O-O {[%emt 0:03:07]} O-O-O {[%emt 0:00:53]} 14. Nd5 {[%emt 0:11:08]} Nxd5 {[%emt 0:04:36]} 15. exd5 {[%emt 0:00:05]} Kb8 {[%emt 0:05:47]} 16. Qg4 {[%emt 0:06:08]} Ne5 {[%emt 0:04:56]} 17. Qd4 {[%emt 0:04:36]} Nc4 {[%emt 0:06:25]} 18. a4 {[%emt 0:26:58]} Nxe3 {[%emt 0:25:10]} 19. fxe3 {[%emt 0:00:04]} Be7 {[%emt 0:00:49]} 20. Qxg7 {[%emt 0:02:03]} Bxh4 {[%emt 0:01:41]} 21. axb5 {[%emt 0:02:15]} Qxb5 {[%emt 0:05:39]} 22. Ra3 {[%emt 0:02:24]} Bxd5 {[%emt 0:00:19]} 23. Bxd5 {[%emt 0:06:16]} Qxd5 {[%emt 0:00:05]} 24. Rb3+ {[%emt 0:00:29]} Ka8 {[%emt 0:00:32]} 25. Ra1 {[%emt 0:02:30]} Qc6 {[%emt 0:01:14]} 26. Qd4 {[%emt 0:03:22]} Rhg8 {[%emt 0:00:52]} 27. Qd5 {[%emt 0:00:53]} Qxd5 {[%emt 0:00:17]} 28. Rxa6# 1-0

[Event "ESP chT Honor Division 2019"]
[Site "Melilla"]
[Date "2019.10.05"]
[Round "6.17"]
[White "Moskalenko, Viktor"]
[Black "Moreno Tejera, Emilio"]
[Result "1/2-1/2"]
[WhiteElo "2475"]
[BlackElo "2427"]
[Annotator "ChessBase"]
[PlyCount "74"]
[EventDate "2019.09.30"]
[EventType "team-tourn"]
[EventCountry "ESP"]
[SourceTitle "playchess.com"]
[Source "ChessBase"]
[SourceQuality "1"]
[TimeControl "40/5400+30:1800+30"]

1. d4 {[%emt 0:00:00]} Nf6 {[%emt 0:00:00]} 2. Bg5 {[%emt 0:03:52]} e6 {[%emt 0:00:12]} 3. e4 {[%emt 0:03:54]} h6 {[%emt 0:00:40]} 4. Bxf6 {[%emt 0:00:06]} Qxf6 {[%emt 0:00:07]} 5. Nc3 {[%emt 0:01:10]} d6 {[%emt 0:05:29]} 6. Qd2 {[%emt 0:03:37]} a6 {[%emt 0:06:17]} 7. g3 {[%emt 0:03:27]} Nd7 {[%emt 0:07:44]} 8. f4 {[%emt 0:10:21]} Qd8 {[%emt 0:18:14]} 9. Bg2 {[%emt 0:12:56]} c5 {[%emt 0:06:58]} 10. d5 {[%emt 0:04:37]} e5 {[%emt 0:09:21]} 11. Nf3 {[%emt 0:05:25]} Qe7 {[%emt 0:13:05]} 12. O-O {[%emt 0:14:53]} g6 {[%emt 0:01:16]} 13. fxe5 {[%emt 0:00:47]} Nxe5 {[%emt 0:02:20]} 14. Nxe5 {[%emt 0:00:07]} Qxe5 {[%emt 0:01:14]} 15. Qf2 {[%emt 0:00:06]} Qd4 {[%emt 0:02:11]} 16. Qxd4 {[%emt 0:00:23]} cxd4 {[%emt 0:00:05]} 17. Ne2 {[%emt 0:00:04]} Bg7 {[%emt 0:00:26]} 18. Rad1 {[%emt 0:00:04]} Bg4 {[%emt 0:05:17]} 19. Bf3 {[%emt 0:00:07]} Bxf3 {[%emt 0:03:08]} 20. Rxf3 {[%emt 0:00:02]} Rc8 {[%emt 0:00:12]} 21. Nxd4 {[%emt 0:01:25]} Bxd4+ {[%emt 0:00:43]} 22. Rxd4 {[%emt 0:00:03]} Rxc2 {[%emt 0:00:12]} 23. Rb4 {[%emt 0:04:09]} b5 {[%emt 0:07:17]} 24. Ra3 {[%emt 0:14:39]} Ke7 {[%emt 0:05:28]} 25. Rxa6 {[%emt 0:00:18]} Rhc8 {[%emt 0:00:19]} 26. Rxb5 {[%emt 0:05:11]} Rc1+ {[%emt 0:00:28]} 27. Kf2 {[%emt 0:00:19]} R8c2+ {[%emt 0:00:04]} 28. Ke3 {[%emt 0:00:32]} Re1+ {[%emt 0:00:41]} 29. Kf3 {[%emt 0:05:46]} Rf1+ {[%emt 0:01:08]} 30. Ke3 {[%emt 0:01:04]} Re1+ {[%emt 0:00:04]} 31. Kd3 {[%emt 0:00:15]} Ree2 {[%emt 0:00:32]} 32. b3 {[%emt 0:01:41]} Red2+ {[%emt 0:02:47]} 33. Ke3 {[%emt 0:00:11]} Re2+ {[%emt 0:00:06]} 34. Kf3 {[%emt 0:01:00]} Rf2+ {[%emt 0:00:04]} 35. Ke3 {[%emt 0:01:54]} Rfe2+ {[%emt 0:00:05]} 36. Kd3 {[%emt 0:01:36]} Red2+ {[%emt 0:00:16]} 37. Ke3 {[%emt 0:00:03]} Re2+ 1/2-1/2

[Event "ESP chT Honor Division 2019"]
[Site "Melilla"]
[Date "2019.10.05"]
[Round "6.18"]
[White "Bivol, Alina"]
[Black "Milliet, Sophie"]
[Result "1/2-1/2"]
[WhiteElo "2371"]
[BlackElo "2400"]
[Annotator "NA"]
[PlyCount "74"]
[EventDate "2019.09.30"]
[EventType "team-tourn"]
[EventCountry "ESP"]
[SourceTitle "playchess.com"]
[Source "ChessBase"]
[SourceQuality "1"]
[TimeControl "40/5400+30:1800+30"]

1. c4 {[%emt 0:00:00]} e5 {[%emt 0:00:00]} 2. g3 {[%emt 0:00:00]} c6 {[%emt 0:00:00]} 3. Bg2 {[%emt 0:03:13]} d5 {[%emt 0:00:00]} 4. cxd5 {[%emt 0:04:27]} cxd5 {[%emt 0:00:03]} 5. d3 {[%emt 0:04:21]} Nc6 {[%emt 0:19:18]} 6. Nf3 {[%emt 0:00:37]} Nf6 {[%emt 0:01:26]} 7. O-O {[%emt 0:05:01]} Be7 {[%emt 0:00:07]} 8. Nbd2 {[%emt 0:05:16]} O-O {[%emt 0:01:15]} 9. e4 {[%emt 0:01:17]} d4 {[%emt 0:08:32]} 10. Nc4 $15 {[%emt 0:01:00]} Nd7 {[%emt 0:02:29]} 11. a4 {[%emt 0:00:25]} f6 {[%emt 0:00:49]} 12. Ne1 {[%emt 0:02:29]} Nc5 {[%emt 0:02:27]} 13. Bd2 {[%emt 0:01:16]} Be6 {[%emt 0:03:45]} 14. Qc2 {[%emt 0:00:22]} Na6 {[%emt 0:03:25]} 15. f4 {[%emt 0:01:51]} Nab4 {[%emt 0:00:49]} 16. Bxb4 {[%emt 0:00:30]} Nxb4 {[%emt 0:00:41]} 17. Qd2 {[%emt 0:00:15]} Bxc4 {[%emt 0:19:44]} 18. dxc4 {[%emt 0:00:06]} d3 {[%emt 0:00:32]} 19. Rd1 {[%emt 0:04:46]} Qd4+ {[%emt 0:02:28]} 20. Kh1 {[%emt 0:00:41]} Qxc4 {[%emt 0:00:35]} 21. Qc3 {[%emt 0:07:18]} Rac8 {[%emt 0:07:07]} 22. Qxc4+ {[%emt 0:00:27]} Rxc4 {[%emt 0:00:02]} 23. Nxd3 {[%emt 0:00:52]} Rd8 {[%emt 0:02:00]} 24. Nxb4 {[%emt 0:01:41]} Rxb4 {[%emt 0:00:06]} 25. fxe5 {[%emt 0:00:16]} fxe5 {[%emt 0:00:17]} 26. Bh3 {[%emt 0:04:22]} Rxd1 {[%emt 0:00:58]} 27. Be6+ {[%emt 0:00:04]} Kh8 {[%emt 0:00:07]} 28. Rxd1 {[%emt 0:00:03]} Rb6 {[%emt 0:07:25]} 29. Bc8 {[%emt 0:00:37]} Rd6 {[%emt 0:01:38]} 30. Rxd6 {[%emt 0:00:17]} Bxd6 {[%emt 0:00:02]} 31. Bxb7 {[%emt 0:00:08]} Kg8 {[%emt 0:00:24]} 32. Kg2 {[%emt 0:01:15]} Kf7 {[%emt 0:00:07]} 33. h4 {[%emt 0:00:16]} Bb4 {[%emt 0:00:12]} 34. Kf3 {[%emt 0:00:22]} Kf6 {[%emt 0:01:07]} 35. g4 {[%emt 0:00:20]} h6 {[%emt 0:00:05]} 36. Bc8 {[%emt 0:00:35]} Be1 {[%emt 0:00:12]} 37. h5 {[%emt 0:00:04]} a5 {[%emt 0:00:25]} 1/2-1/2

[Event "ESP chT Honor Division 2019"]
[Site "Melilla"]
[Date "2019.10.05"]
[Round "6.19"]
[White "Kuzubov, Yuriy"]
[Black "Ivanchuk, Vassily"]
[Result "1-0"]
[WhiteElo "2636"]
[BlackElo "2686"]
[Annotator "TA"]
[PlyCount "97"]
[EventDate "2019.09.30"]
[EventType "team-tourn"]
[EventCountry "ESP"]
[SourceTitle "playchess.com"]
[Source "ChessBase"]
[SourceQuality "1"]

{[%evp 9,97,12,38,44,31,43,50,38,41,38,33,40,38,39,26,34,40,33,29,26,39,27,30,27,35,31,36,21,35,43,63,18,19,18,61,31,39,39,78,70,101,93,116,120,116,105,148,117,256,302,275,292,289,200,201,208,227,204,202,194,367,364,525,487,598,591,527,279,301,258,254,279,241,202,203,207,204,189,400,354,297,225,398,405,577,576,765,749,818,812]} 1. d4 Nf6 2. c4 e6 3. Nf3 b6 4. g3 Ba6 5. Qc2 Bb4+ 6. Bd2 {E15: Queen's Indian: 4 g3 sidelines, 4 g3 Ba6 and 4 g3 Bb7 early deviations} Be7 7. e4 d5 8. cxd5 {White is slightly better.} Bxf1 $1 9. Kxf1 exd5 10. e5 Ne4 11. Nc3 Nxd2+ 12. Qxd2 Qd7 13. Kg2 Nc6 {[#]} 14. Rad1 $146 O-O 15. Ne1 Bb4 16. Nc2 Bxc3 17. bxc3 Ne7 18. Rhe1 Rac8 19. Qd3 Qf5 20. Nb4 Qe6 21. Qf3 c6 22. h4 Rc7 23. Nd3 Qf5 24. Qe2 h5 25. Nf4 g6 26. e6 f6 27. Rd3 Kg7 28. Qd2 Rh8 (28... Qg4 $16) 29. Nh3 $18 {aiming for Rf3.} Qg4 {[#] intending ...Nf5.} 30. f3 $1 {[%cal Rf3g4]} Qf5 31. Qd1 {g4 is the strong threat.} g5 32. hxg5 Ng6 33. gxf6+ Kxf6 34. Rde3 {And now g4 would win.} Rg7 $2 (34... Ke7 35. Qc1 Kd8) 35. Kh2 a5 (35... Rhh7 $142 36. Rf1 Ke7) 36. e7 Re8 {[%cal Rg7e7]} 37. g4 Qd7 38. g5+ Kf7 39. f4 {Strongly threatening f5.} Kg8 {[%cal Rg7e7]} 40. Qxh5 Rexe7 41. Rxe7 Nxe7 42. Qe2 Qf5 43. Qe6+ Kh7 $2 (43... Rf7 44. Qxf5 Nxf5) 44. Qxf5+ Nxf5 45. Re5 Kg6 $2 (45... Rf7 {is a better defense.} 46. Nf2 Nh4) 46. Re6+ Kh5 {[#]} (46... Kh7 $142 47. Rf6 Ne7) 47. Nf2 $1 {White is clearly winning.} Rg6 48. Re5 Ng7 49. Re7 {Accuracy: White = 81%, Black = 43%.} 1-0